Ashes 2023 Squads - Statistics

General Stats
  • This quiz has been taken 178 times
  • The average score is 26 of 36
Answer Stats
Role Answer % Correct
Batsman Joe Root
96%
All-Rounder Ben Stokes
94%
Wicketkeeper Jonny Bairstow
94%
Bowler Mitchell Starc
94%
Bowler Pat Cummins
94%
Batsman Steve Smith
94%
Bowler James Anderson
92%
Batsman Usman Khawaja
92%
Wicketkeeper Alex Carey
91%
Batsman David Warner
91%
Batsman Marnus Labuschagne
91%
Bowler Nathan Lyon
91%
Bowler Stuart Broad
91%
Batsman Zak Crawley
91%
Batsman Travis Head
89%
Bowler Josh Hazlewood
88%
Batsman Ben Duckett
86%
Batsman Ollie Pope
86%
All-Rounder Cameron Green
84%
All-Rounder Chris Woakes
83%
Batsman Harry Brook
81%
All-Rounder Moeen Ali
80%
Bowler Mark Wood
79%
Bowler Scott Boland
76%
All-Rounder Mitchell Marsh
74%
Bowler Ollie Robinson
60%
Bowler Josh Tongue
57%
Bowler Todd Murphy
56%
Wicketkeeper* Josh Inglis
44%
Bowler* Matthew Potts
34%
All-Rounder* Rehan Ahmed
31%
Batsman* Marcus Harris
30%
Bowler* Michael Neser
30%
Batsman* Dan Lawrence
27%
Batsman* Matt Renshaw
21%
Wicketkeeper* Jimmy Peirson
7%
No matching quizzes found
Score Distribution
Percent of People with Each Score
Percentile by Number Answered
Your Score History
You have not taken this quiz